[Event "London Classic CSC op U2000 7th"]
[Site "London"]
[Date "2015.12.05"]
[Round "3"]
[White "Hasan, Shahzad"]
[Black "Reed, Karim"]
[Result "0-1"]
[WhiteElo "1982"]
[BlackElo "1787"]
[PlyCount "68"]
[EventDate "2015.12.04"]
[EventType "swiss"]
[EventRounds "5"]
[EventCountry "ENG"]
[SourceTitle "CBM 169 Extra"]
[Source "ChessBase"]
[SourceDate "2015.12.18"]
[SourceVersion "1"]
[SourceVersionDate "2015.12.18"]
[SourceQuality "1"]

1. d4 d5 2. c4 c6 3. Nc3 Nf6 4. Nf3 e6 5. e3 dxc4 6. e4 b5 7. Bg5 h6 8. Bh4 Be7 9. Be2 Bb7 10. 0-0 0-0 11. Bg3 Nbd7 12. b3 cxb3 13. Qxb3 a6 14. Rfd1 Qb6 15. Rab1 Rac8 16. Nh4 Rfe8 17. e5 Nd5 18. Nxd5 cxd5 19. Nf3 Qa5 20. a4 b4 21. Bh4 Bf8 22. g4 Rc3 23. Qa2 Rec8 24. Bd3 Bc6 25. g5 g6 26. gxh6 Bxh6 27. Bg5 Bg7 28. Qd2 Bxa4 29. Rdc1 Bb5 30. Rxc3 Rxc3 31. Bxg6 fxg6 32. Nh4 Bd3 33. Be7 Bxb1 34. Qg5 Be4 0-1

[Event "London Classic CSC op U2000 7th"]
[Site "London"]
[Date "2015.12.04"]
[Round "1"]
[White "Reed, Karim"]
[Black "Cheslavski, Maksim"]
[Result "1/2-1/2"]
[WhiteElo "1787"]
[BlackElo "1947"]
[PlyCount "122"]
[EventDate "2015.12.04"]
[EventType "swiss"]
[EventRounds "5"]
[EventCountry "ENG"]
[SourceTitle "CBM 169 Extra"]
[Source "ChessBase"]
[SourceDate "2015.12.18"]
[SourceVersion "1"]
[SourceVersionDate "2015.12.18"]
[SourceQuality "1"]

1. e4 Nc6 2. d4 e5 3. d5 Nce7 4. Nc3 Ng6 5. g3 Nf6 6. Bg2 Bc5 7. Nge2 a5 8. Na4 Ba7 9. c4 d6 10. Qd3 0-0 11. Nec3 Ng4 12. c5 dxc5 13. Qc4 c6 14. dxc6 Be6 15. Qe2 bxc6 16. h3 Nf6 17. 0-0 Qe7 18. Be3 c4 19. Rfd1 Rfd8 20. Bf1 h5 21. Rxd8+ Rxd8 22. Bxa7 Qxa7 23. Rd1 Rd4 24. Qe3 Qd7 25. Nc5 Qd6 26. Nxe6 fxe6 27. Rc1 h4 28. Qg5 Kf7 29. Re1 hxg3 30. fxg3 Rd2 31. Qe3 Qd4 32. Bxc4 Rxb2 33. Bb3 Ke7 34. Kh1 Qd2 35. Qxd2 Rxd2 36. Rd1 Rb2 37. Na4 Re2 38. Nc5 Nxe4 39. Nxe4 Rxe4 40. Bc2 Re3 41. Bxg6 Rxg3 42. Be4 Rxh3+ 43. Kg2 Rc3 44. Rb1 Kd6 45. Kf2 Kc5 46. Rb2 Kd4 47. Bc2 e4 48. a4 Rf3+ 49. Ke2 Rh3 50. Rb7 Rh2+ 51. Kd1 g5 52. Rg7 Rg2 53. Rg6 e5 54. Rxc6 g4 55. Rd6+ Ke3 56. Bb3 g3 57. Rg6 Kf3 58. Rf6+ Ke3 59. Rg6 Kf3 60. Rf6+ Ke3 61. Rg6 Kf3 1/2-1/2